Haikyuu! Trivia - Statistics

General Stats
  • This quiz has been taken 296 times
  • The average score is 24 of 34
Answer Stats
Question Answer % Correct
Who is Karasuno's No. 1? Daichi Sawamura
98%
Who is Karasuno's No. 10? Hinata Shoyo
97%
Who is Karasuno's No. 9? Kageyama Tobio
96%
Who is Karasuno's No. 2? Sugawara Koushi
96%
Who is Karasuno's No. 4? Nishinoya Yuu
95%
Who is Karasuno's No. 11? Tsukishima Kei
95%
Who is Karasuno's No. 3? Asahi Azumane
94%
Who is Karasuno's No. 5? Tanaka Ryuunosuke
94%
Who is the setter for Aoba Johsai? Oikawa Toruu
93%
Who is the setter for Nekoma? Kenma Kozume
92%
Who is Karasuno's No. 12? Yamaguchi Tadashi
90%
Who is the energetic ace for Fukurodani? Bokuto Koutarou
89%
What is Nekoma's mascot? Cat
88%
What is Karasuno's mascot? Crow
85%
Who is the previous character's childhood best friend and teammate? Kuroo Tetsurou
85%
Who is the setter for Inarizaki? Miya Atsumu
85%
Who is the previous character's twin brother? Miya Osamu
84%
Who is Karasuno's No. 6? Ennoshita Chikara
78%
Who is the setter for Fukurodani? Akaashi Keiji
77%
This school is known for their Iron Wall Date Tech
75%
Who is the previous character's childhood best friend and teammate? Iwaizumi Hajime
70%
What is Inarizaki's mascot? Fox
61%
Who is Karasuno's No. 7? Kinoshita Hisashi
61%
Who is Karasuno's No. 8? Narita Kazuhito
60%
In time-skip, what team does Hinata play for in Japan? MSBY Jackals
59%
This school is also known as Blue Castle Aoba Johsai
48%
In time-skip, what team does Tsukishima play for? Sendai Frogs
46%
In time-skip, what international team does Hinata play for? Asas São Paulo
43%
In time-skip, what team does Kageyama play for in Japan? Schweiden Adlers
40%
What is the Little Giant's real name? Tenma Udai
36%
Who wrote Haikyuu! Haruichi Furudate
33%
What does Ittetsu Takeda teach at Karasuno Japanese Literature
28%
In time-skip, what international team does Kageyama play for? Ali Roma
23%
In time-skip, what international team does Ushijima play for? Orzeł Warszawa
8%
No matching quizzes found
Score Distribution
Percent of People with Each Score
Percentile by Number Answered
Your Score History
You have not taken this quiz